Hobbes's Leviathan : (Record no. 32748)
[ view plain ]
| 000 -LEADER | |
|---|---|
| fixed length control field | 01376nam a2200313 a 4500 |
| 001 - CONTROL NUMBER | |
| control field | 32748 |
| 003 - CONTROL NUMBER IDENTIFIER | |
| rucl marc code | BD-RjUL |
| 005 - DATE AND TIME OF LATEST TRANSACTION | |
| control field | 20211209051905.0 |
| 008 - FIXED-LENGTH DATA ELEMENTS--GENERAL INFORMATION | |
| fixed length control field | 160720r19671909enkh 000 0 eng d |
| 035 ## - SYSTEM CONTROL NUMBER | |
| System control number | 10-01345 |
| System control number | (OCoLC)6189144 |
| -- | (BD-RjUL) 32838 |
| 040 ## - CATALOGING SOURCE | |
| Original cataloging agency | Newberry library JC153.H |
| Transcribing agency | TMN |
| Modifying agency | TMN |
| -- | m.c |
| -- | BD-RjUL |
| Language of cataloging | eng |
| 041 ## - LANGUAGE CODE | |
| Language code of text/sound track or separate title | eng |
| 082 ## - DEWEY DECIMAL CLASSIFICATION NUMBER | |
| Classification number | 320 |
| Author mark and year | HOH 1967 |
| 100 1# - MAIN ENTRY--PERSONAL NAME | |
| Personal name | Hobbes, Thomas |
| Dates associated with a name | 1588-1679. |
| 9 (RLIN) | 55267 |
| 245 10 - TITLE STATEMENT | |
| Title | Hobbes's Leviathan : |
| Remainder of title | reprinted from the edition of 1651 / |
| Statement of responsibility, etc. | with an essay by W. G. Pogson Smith. |
| 260 ## - PUBLICATION, DISTRIBUTION, ETC. (IMPRINT) | |
| Place of publication, distribution, etc. | Oxford : |
| Name of publisher, distributor, etc. | Clarendon Press, |
| Date of publication, distribution, etc. | 1909[Reprinted 1967]. |
| 300 ## - PHYSICAL DESCRIPTION | |
| Pagination | xxxi, 557 p. : |
| Illustrations | ill. ; |
| Size | 20 cm. |
| 500 ## - GENERAL NOTE | |
| General note | Reprint of the original edition with reproduction of t.-p.: Leviathan, or The matter, forme, & power of a common-wealth ecclesiasticall and civill. By Thomas Hobbes ... London, Printed for Andrew Crooke, 1651. |
| General note | Also includes a facsimile of the engraved t.-p. of the original edition. |
| General note | "The philosophy of Hobbes, an essay. [By W. G. Pogson Smith]": p. [vii]-xxxi. |
| General note | Introduction includes bibliographical footnotes. |
| 650 #0 - SUBJECT ADDED ENTRY--TOPICAL TERM | |
| Topical term or geographic name as entry element | Political science |
| Form subdivision | Early works to 1800. |
| 9 (RLIN) | 62154 |
| Topical term or geographic name as entry element | State, The |
| Form subdivision | Early works to 1800. |
| 9 (RLIN) | 82100 |
| 700 1# - ADDED ENTRY--PERSONAL NAME | |
| Personal name | Pogson Smith, W. G. |
| Fuller form of name | (William George). |
| 942 ## - ADDED ENTRY ELEMENTS (KOHA) | |
| Source of classification or shelving scheme | Dewey Decimal Classification |
| Koha item type | Books |
| Lost status | Source of classification or shelving scheme | Damaged status | Not for loan | Collection code | Permanent Location | Current Location | Shelving location | Date acquired | Source of acquisition | Cost, normal purchase price | Total Checkouts | Full call number | Date last seen | Copy number | Koha item type |
|---|---|---|---|---|---|---|---|---|---|---|---|---|---|---|---|
| Dewey Decimal Classification | Non-fiction | Central Library, University of Rajshahi | Central Library, University of Rajshahi | 07/11/1973 | OXFORD UNIVERSITY PRESS | 35.20 | 320 HOH 1967 | 28/04/2014 | C-10 | Books |